Лінгвокогнітивні особливості англійської лексики на позначення екології (Запис № 284946)
[ простий вигляд ]
| 000 -LEADER | |
|---|---|
| fixed length control field | 01285nam a22001577a 4500 |
| 041 ## - LANGUAGE CODE | |
| Language code of text/sound track or separate title | ukr |
| 080 ## - UNIVERSAL DECIMAL CLASSIFICATION NUMBER | |
| Universal Decimal Classification number | 09 |
| 090 ## - LOCALLY ASSIGNED LC-TYPE CALL NUMBER (OCLC); LOCAL CALL NUMBER (OCLC) | |
| Local cutter number (OCLC) ; Book number/undivided call number, CALL (RLIN) | МУЗ |
| 100 ## - MAIN ENTRY--PERSONAL NAME | |
| Personal name | Музичук О. |
| 245 ## - TITLE STATEMENT | |
| Title | Лінгвокогнітивні особливості англійської лексики на позначення екології |
| 260 ## - PUBLICATION, DISTRIBUTION, ETC. (IMPRINT) | |
| Place of publication, distribution, etc | Острог |
| Name of publisher, distributor, etc | КАФ |
| Date of publication, distribution, etc | 2012 |
| 300 ## - PHYSICAL DESCRIPTION | |
| Extent | 54 |
| 520 ## - SUMMARY, ETC. | |
| Summary, etc | Розділ 1. Теоритичні аспекти когнітивної лексики.<br/>1.1 Виникнення та розвиток когнітивної лінгвістики.<br/>1.2 Когнітивна лінгвістика як науковий напрям.<br/>1.3 Теоритичні аспекти семантики.<br/>Розділ 2. Лінгвокогнітивний аналіз лексики на позначення екології.<br/>2.1 Семантична база екологічного дискурсу.<br/>2.2 Лексико-семантичний аналіз лексики на позначення екології.<br/>2.3 Шляхи та способи збагачення англійської лексики на позначення екології. |
| -- | лексика,лінгвокогнітивний,екологія |
| 650 ## - SUBJECT ADDED ENTRY--TOPICAL TERM | |
| Topical term or geographic name as entry element | Research Papers |
| 942 ## - ADDED ENTRY ELEMENTS (KOHA) | |
| Koha item type | Книги |
| Withdrawn status | Lost status | Source of classification or shelving scheme | Damaged status | Not for loan | Home library | Current library | Date acquired | Source of acquisition | Cost, normal purchase price | Total Checkouts | Full call number | Barcode | Date last seen | Price effective from | Koha item type |
|---|---|---|---|---|---|---|---|---|---|---|---|---|---|---|---|
| Universal Decimal Classification | ВІЛ - Відділ іноземн. літератури НБ | ВІЛ - Відділ іноземн. літератури НБ | 18/09/2012 | Акт №5 | 1.00 | 09 | 214986 | 09/11/2021 | 18/09/2012 | Книги |